Congres Europeen risques identitaires et sida : la vulnerabilite des jeunes gays en Europe : journee d'etudes 26 et 27 mars 1999, Parlament Europeen.
Enregistré dans:
| Collectivité auteur: | |
|---|---|
| Format: | Livre |
| Langue: | français |
| Publié: |
Bruxelles :
Ex Aequo,
1999
|
| Tags: |
Pas de tags, Soyez le premier à ajouter un tag!
|
MARC
| LEADER | 00000nam a22000007i 4500 | ||
|---|---|---|---|
| 001 | IT\ICCU\UBO\1705052 | ||
| 003 | ItRI | ||
| 005 | 20260115232218.0 | ||
| 008 | 020614s1999 be |||||| ||||| |||||c | ||
| 040 | |b ita |c importazione bologna sebina | ||
| 041 | 7 | |a fre |2 ISO-639-2 | |
| 245 | 0 | 0 | |a Congres Europeen risques identitaires et sida : |b la vulnerabilite des jeunes gays en Europe : journee d'etudes 26 et 27 mars 1999, Parlament Europeen. |
| 260 | |a Bruxelles : |b Ex Aequo, |c 1999 | ||
| 300 | |a 226 p. ; |c 30 cm. | ||
| 710 | 2 | |a Parlamento europeo |0 IT\ICCU\CFIV\082807 | |
| 791 | 2 | |a Parlamento europeo. |b direzione generale della ricerca e della documentazione |3 IT\ICCU\BVEV\199657 |z Parlamento europeo | |
| 942 | |2 ddc |c BK |n 0 | ||
| 952 | |0 0 |1 0 |4 0 |6 A_000_000000000000000_CON |7 0 |9 22079 |a BO |b BO |d 2026-01-15 |i 5540 |l 0 |o A 000 CON |p BO5540 |r 2026-01-15 23:22:18 |w 2026-01-15 |x [Sebina 5] [1 v.] |y BK |z 1 v. | ||
| 952 | |0 0 |1 0 |4 0 |6 A_000_000000000000000_CON |7 0 |9 22080 |a BO |b BO |d 2026-01-15 |i 5541 |l 0 |o A 000 CON |p BO5541 |r 2026-01-15 23:22:18 |w 2026-01-15 |x [Sebina 5] [1 v.] |y BK |z 1 v. | ||
| 999 | |c 18873 |d 18873 | ||